[Event "16ème Open des Vins du Médoc"]
[Site "Naujac sur Mer ; France"]
[Date "2013.07.02"]
[Round "3.9"]
[White "Roussel, Glenn"]
[Black "Colpe, Malte"]
[Result "0-1"]
[WhiteElo "1911"]
[BlackElo "2305"]
[PlyCount "56"]
[EventDate "2012.??.??"]

1. d4 d5 2. Nf3 Nf6 3. e3 c5 4. b3 cxd4 5. exd4 Nc6 6. a3 Bg4 7. Bb2 e6 8. Be2
Be7 9. O-O O-O 10. Nbd2 Qb6 11. b4 a6 12. Nb3 a5 13. b5 Bxf3 14. gxf3 Na7 15.
a4 Qc7 16. c4 dxc4 17. Rc1 Qf4 18. Bxc4 Bd6 19. Re1 Qxh2+ 20. Kf1 Nd5 21. Bxd5
exd5 22. Ke2 Rfe8+ 23. Kd3 Qxf2 24. Bc3 Bf4 25. Bd2 Rxe1 26. Qxe1 Qxf3+ 27. Kc2
Bxd2 28. Nxd2 Qa3 0-1

[Event "16ème Open des Vins du Médoc"]
[Site "Naujac sur Mer ; France"]
[Date "2013.07.02"]
[Round "3.10"]
[White "Zierke, Oliver"]
[Black "Gonzalez Fernandez, Jorge"]
[Result "0-1"]
[WhiteElo "2263"]
[BlackElo "1718"]
[PlyCount "63"]
[EventDate "2012.??.??"]

1. d4 Nf6 2. Nf3 g6 3. c4 c5 4. e3 Bg7 5. Nc3 b6 6. Be2 O-O 7. O-O Bb7 8. d5 d6
9. e4 Nbd7 10. Ne1 a6 11. a4 Ne8 12. f4 Nc7 13. Nf3 b5 14. axb5 axb5 15. Rxa8
Qxa8 16. cxb5 Nb6 17. Re1 Qa1 18. Qc2 Ra8 19. Bd2 Qa7 20. Be3 Bc8 21. Rd1 Qb7
22. Qb3 Bd7 23. h3 Nc8 24. e5 Rb8 25. Ra1 Nb6 26. Rd1 Nc8 27. Ra1 Nb6 28. Bf2
Ncxd5 29. Nxd5 Nxd5 30. Bc4 Be6 31. Ng5 Nxf4 32. Nf3 0-1

[Event "16ème Open des Vins du Médoc"]
[Site "Naujac sur Mer ; France"]
[Date "2013.07.02"]
[Round "4.3"]
[White "Zaragatski, Ilja"]
[Black "Mladenov, Plamen"]
[Result "1/2-1/2"]
[WhiteElo "2486"]
[BlackElo "2405"]
[PlyCount "117"]
[EventDate "2012.??.??"]

1. Nf3 e6 2. g3 b6 3. Bg2 Bb7 4. c4 c5 5. O-O Nf6 6. Nc3 Be7 7. d4 cxd4 8. Qxd4
O-O {(=)} 9. Bf4 Nc6 10. Qd2 d5 11. cxd5 Nxd5 12. Nxd5 Qxd5 13. Qxd5 exd5 14.
Rac1 Bf6 15. b3 Rfe8 16. Bg5 Bxg5 17. Nxg5 Rad8 18. e3 Rd6 19. Rfd1 Red8 20.
Nf3 Kf8 21. Nd4 Nxd4 22. Rxd4 Bc6 23. Kf1 Ke7 24. Ke1 a5 25. Rc2 Bb7 26. b4
axb4 27. Rxb4 Ba6 28. Rc7+ R8d7 29. Rxd7+ Kxd7 30. Ra4 Bb5 31. Ra7+ Ke6 32. Kd2
g6 33. Rc7 Rc6 34. Bh3+ Kf6 35. Rxc6+ Bxc6 36. Kd3 Ke7 37. Kd4 Kd6 38. Bf1 h6
39. f4 Bd7 40. Bd3 f5 41. h4 h5 42. Ba6 Bc6 43. Be2 Ba4 44. Bf3 Bc6 45. Bd1 Bb5
46. Bb3 Bc6 47. a3 Ke6 48. Kc3 Kd6 49. Kd4 Ke6 50. Kc3 Kd6 51. Kb4 Kc7 52. Bc2
Kd6 53. Bd3 Kc7 54. Ba6 Bb7 55. Bb5 Bc6 56. Ba6 Bd7 57. Bd3 Bc6 58. Bc2 Kd6 59.
Bb3 {(=)} 1/2-1/2

[Event "16ème Open des Vins du Médoc"]
[Site "Naujac sur Mer ; France"]
[Date "2013.07.02"]
[Round "4.4"]
[White "Velten, Paul"]
[Black "Godard, Maxence"]
[Result "1-0"]
[WhiteElo "2422"]
[BlackElo "2348"]
[PlyCount "91"]
[EventDate "2012.??.??"]

1. Nf3 d5 2. g3 c6 3. Bg2 Bg4 4. O-O Nd7 5. h3 Bh5 6. d4 e6 7. c4 Ngf6 8. cxd5
exd5 9. Qb3 Qb6 10. Qe3+ Be7 11. Nc3 a5 12. b3 Qd8 13. Ba3 Bxf3 14. exf3 Kf8
15. Bb2 g6 16. Qh6+ Kg8 17. Ne2 Qf8 18. Qd2 Bb4 19. Qc2 Ba3 20. Bc3 Bb4 21. Nf4
Kg7 22. Nd3 Bxc3 23. Qxc3 Ne8 24. Rfe1 Nd6 25. a4 Nf5 26. h4 Qd6 27. Bh3 Qf6
28. Bxf5 Qxf5 29. Re3 Qf6 30. Rae1 Rhd8 31. Nf4 Nb6 32. Re7 Rd7 33. Qc5 Rxe7
34. Rxe7 Rb8 35. Ne6+ Kg8 36. Ng5 Rf8 37. Rxb7 Qf5 38. Kg2 Nd7 39. Qxa5 h6 40.
Nh3 Nf6 41. Qc7 Ne8 42. Qxc6 Ng7 43. Nf4 g5 44. Nxd5 Kh7 45. Nf6+ Kh8 46. Nd7
1-0

[Event "16ème Open des Vins du Médoc"]
[Site "Naujac sur Mer ; France"]
[Date "2013.07.02"]
[Round "4.5"]
[White "Colpe, Malte"]
[Black "Favarel, Antoine"]
[Result "1/2-1/2"]
[WhiteElo "2305"]
[BlackElo "2347"]
[PlyCount "109"]
[EventDate "2012.??.??"]

1. d4 Nf6 2. c4 e6 3. Nc3 Bb4 4. e3 O-O 5. Nge2 d5 6. a3 Bd6 7. Ng3 c6 8. Bd2
e5 9. dxe5 Bxe5 10. Be2 dxc4 11. Bxc4 Ng4 12. Qc2 Qh4 13. Nce4 Na6 14. f4 Bf6
15. h3 Nh6 16. O-O Nf5 17. Nxf6+ Qxf6 18. Ne4 Qe7 19. Bxa6 bxa6 20. Bb4 c5 21.
Qxc5 Qxc5 22. Bxc5 Re8 23. Nc3 Bb7 24. Kf2 Rec8 25. Bb4 Re8 26. Bc5 Rec8 27. b4
Nd6 28. Rfd1 Ne4+ 29. Nxe4 Bxe4 30. Rd4 Bc6 31. Rad1 h6 32. Rc1 Kh7 33. Rdc4
Bb5 34. R4c3 a5 35. bxa5 a6 36. e4 Rc6 37. Ke3 Rac8 38. g4 f6 39. h4 Kg6 40.
f5+ Kf7 41. Kf4 R8c7 42. Bd4 Rxc3 43. Rxc3 Rxc3 44. Bxc3 Bd3 45. Ke3 Bc2 46.
Bd4 Bd1 47. Kf4 Be2 48. g5 hxg5+ 49. hxg5 g6 50. gxf6 gxf5 51. Kxf5 Bc4 52. Ke5
Ba2 53. Bc3 Bb3 54. Kd6 Ba2 55. e5 1/2-1/2

[Event "16ème Open des Vins du Médoc"]
[Site "Naujac sur Mer ; France"]
[Date "2013.07.02"]
[Round "4.6"]
[White "Wohl, Aleksandar H"]
[Black "Lagunes, Jean-Renaud"]
[Result "1-0"]
[WhiteElo "2369"]
[BlackElo "2005"]
[PlyCount "51"]
[EventDate "2012.??.??"]

1. e4 d6 2. d4 Nf6 3. Nc3 g6 4. Bg5 Bg7 5. f4 h6 6. Bh4 c6 7. Nf3 a6 8. Bd3 b5
9. O-O Qc7 10. e5 Nd5 11. Nxd5 cxd5 12. Qe1 Nc6 13. c3 Kf8 14. e6 Bxe6 15. Bxg6
Qd7 16. f5 Qe8 17. fxe6 fxg6 18. Ne5+ Kg8 19. Nxc6 Qxc6 20. Bxe7 Ra7 21. Bd8
Kh7 22. e7 Ra8 23. Rf7 b4 24. Qe6 Rhxd8 25. exd8=Q Rxd8 26. Rxg7+ 1-0

[Event "16ème Open des Vins du Médoc"]
[Site "Naujac sur Mer ; France"]
[Date "2013.07.02"]
[Round "4.7"]
[White "Bricard, Herve"]
[Black "Bonn, Thomas"]
[Result "0-1"]
[WhiteElo "2046"]
[BlackElo "2277"]
[PlyCount "80"]
[EventDate "2012.??.??"]

1. e4 c5 2. Nc3 a6 3. g3 b5 4. Bg2 Bb7 5. d3 e6 6. Nge2 d6 7. O-O Nd7 8. a3 Qc7
9. d4 cxd4 10. Qxd4 Ngf6 11. Re1 Be7 12. h3 O-O 13. Bg5 h6 14. Be3 Rfd8 15. a4
Bc6 16. axb5 axb5 17. Qb4 Bf8 18. Nxb5 Qb7 19. Rxa8 Rxa8 20. c4 d5 21. Qd2 dxc4
22. Nbc3 Nc5 23. f3 e5 24. Nc1 Rb8 25. Bf1 Nb3 26. Nxb3 Qxb3 27. Re2 Nd7 28.
Rg2 Nc5 29. Qd1 Qxd1 30. Nxd1 Nd3 31. Rd2 Rb3 32. Bxd3 cxd3 33. Nc3 Ba3 34.
Rxd3 Bxb2 35. Bd2 Kh7 36. Kf2 Bb5 37. Re3 Bc4 38. Ke1 Ra3 39. Ne2 Ra1+ 40. Kf2
Ra2 0-1

[Event "16ème Open des Vins du Médoc"]
[Site "Naujac sur Mer ; France"]
[Date "2013.07.02"]
[Round "4.8"]
[White "Maruejols, Claude"]
[Black "Zierke, Oliver"]
[Result "0-1"]
[WhiteElo "2006"]
[BlackElo "2263"]
[PlyCount "62"]
[EventDate "2012.??.??"]

1. d4 Nf6 2. c4 e6 3. Nc3 c5 4. d5 exd5 5. cxd5 d6 6. Nf3 g6 7. Bf4 a6 8. e4 b5
9. Nd2 Bg7 10. Be2 O-O 11. Bf3 Ne8 12. O-O Nd7 13. Qc2 Ne5 14. Be2 f5 15. f3
Ra7 16. h3 g5 17. Be3 f4 18. Bf2 Raf7 19. a4 b4 20. Nd1 h5 21. Nc4 Kh8 22. Be1
Nxc4 23. Qxc4 Bd4+ 24. Bf2 Be5 25. Be1 Rg7 26. Ra2 Rfg8 27. b3 Nf6 28. Bd2 Qe7
29. Kf2 g4 30. fxg4 Nxe4+ 31. Ke1 Qh4+ 0-1

[Event "16ème Open des Vins du Médoc"]
[Site "Naujac sur Mer ; France"]
[Date "2013.07.02"]
[Round "4.9"]
[White "Marie, Maxime"]
[Black "Laurain, Dominique"]
[Result "1/2-1/2"]
[WhiteElo "2214"]
[BlackElo "1976"]
[PlyCount "57"]
[EventDate "2012.??.??"]

1. e4 e6 2. d4 d5 3. Nd2 Nf6 4. e5 Nfd7 5. Bd3 c5 6. c3 Nc6 7. Ne2 cxd4 8. cxd4
f6 9. exf6 Nxf6 10. Nf3 Qc7 11. Bg5 Bd6 12. Bh4 O-O 13. Bg3 Nh5 14. Qc2 h6 15.
O-O Nf4 16. Nxf4 Bxf4 17. Bh7+ Kh8 18. Nh4 Ne7 19. Qxc7 Bxc7 20. Bxc7 Kxh7 21.
Bd6 Rf7 22. Bxe7 Rxe7 23. f4 Bd7 24. Nf3 Bb5 25. Rf2 Rc8 26. Re1 Bd3 27. g4 g6
28. h3 Kg7 29. Rd1 1/2-1/2

[Event "16ème Open des Vins du Médoc"]
[Site "Naujac sur Mer ; France"]
[Date "2013.07.02"]
[Round "4.10"]
[White "Saenz Narciso, Miguel Angel"]
[Black "Goulesque, Camille"]
[Result "1-0"]
[WhiteElo "2196"]
[BlackElo "1890"]
[PlyCount "33"]
[EventDate "2012.??.??"]

1. e4 c5 2. Nf3 d6 3. d4 cxd4 4. Nxd4 Nf6 5. Nc3 a6 6. g3 h5 7. h3 Qc7 8. Bg2
Bd7 9. Bg5 e6 10. O-O Nc6 11. a4 Qa5 12. Be3 Be7 13. Nb3 Qb4 14. f4 Na5 15. Na2
Qxa4 16. Nc3 Nc4 17. Nxa4 1-0

[Event "16ème Open des Vins du Médoc"]
[Site "Naujac sur Mer ; France"]
[Date "2013.07.02"]
[Round "4.11"]
[White "Martinet, Regis"]
[Black "Thalwitzer, David"]
[Result "1/2-1/2"]
[WhiteElo "2028"]
[BlackElo "2174"]
[PlyCount "79"]
[EventDate "2012.??.??"]

1. d4 Nf6 2. c4 c5 3. Nf3 g6 4. Nc3 cxd4 5. Nxd4 Nc6 6. e4 Nxd4 7. Qxd4 d6 8.
Be2 Bg7 9. Be3 O-O 10. Qd2 Be6 11. Rc1 Qa5 12. b3 Rfc8 13. O-O a6 14. Nd5 Qxd2
15. Nxf6+ Bxf6 16. Bxd2 Bd7 17. Be3 Bc6 18. Bd3 Kf8 19. f3 Ke8 20. Rf2 e6 21.
Rfc2 Ke7 22. Kf2 g5 23. g3 h5 24. Bb6 Rh8 25. Ke3 h4 26. Rg1 hxg3 27. Rxg3 Rh5
28. Bd4 e5 29. Bb2 Rah8 30. Rgg2 Bd7 31. c5 dxc5 32. Rxc5 g4 33. fxg4 Rxh2 34.
Rxh2 Rxh2 35. Bxe5 Rxa2 36. Bxf6+ Kxf6 37. g5+ Ke7 38. Bc4 b5 39. Bd5 Kd6 40.
Rc1 1/2-1/2

[Event "16ème Open des Vins du Médoc"]
[Site "Naujac sur Mer ; France"]
[Date "2013.07.02"]
[Round "4.12"]
[White "Armas, Lara-Maria"]
[Black "Kramer, Julian"]
[Result "0-1"]
[WhiteElo "1941"]
[BlackElo "2133"]
[PlyCount "64"]
[EventDate "2012.??.??"]

1. d4 d5 2. c4 c6 3. Nc3 Nf6 4. Bg5 e6 5. e3 Nbd7 6. Nf3 Bd6 7. Qc2 O-O 8. cxd5
exd5 9. Bd3 Qc7 10. h4 b5 11. O-O-O Re8 12. Rdg1 b4 13. Nd1 a5 14. g4 c5 15.
Bxf6 Nxf6 16. g5 Ne4 17. h5 a4 18. dxc5 b3 19. axb3 axb3 20. Qxb3 Nxc5 21.
Bxh7+ Kxh7 22. Qc2+ Nd3+ 23. Kd2 Qxc2+ 24. Kxc2 Nb4+ 25. Kd2 Kg8 26. g6 Bf8 27.
Nd4 Ra6 28. Nc3 Nc6 29. Nce2 Nxd4 30. Nxd4 Rf6 31. Ke2 Ba6+ 32. Ke1 Bb4+ 0-1

[Event "16ème Open des Vins du Médoc"]
[Site "Naujac sur Mer ; France"]
[Date "2013.07.03"]
[Round "5.1"]
[White "Das, Arghyadip"]
[Black "Velten, Paul"]
[Result "0-1"]
[WhiteElo "2493"]
[BlackElo "2422"]
[PlyCount "80"]
[EventDate "2012.??.??"]

1. e4 e6 2. d4 d5 3. Nd2 Nf6 4. e5 Nfd7 5. c3 c5 6. Bd3 b6 7. Ne2 Ba6 8. Bb1
Nc6 9. Nf3 Be7 10. h4 Qc7 11. a3 Bxe2 12. Kxe2 f6 13. exf6 gxf6 14. b4 {(=)}
O-O-O 15. bxc5 bxc5 16. Bd3 c4 17. Bc2 Qa5 18. Bd2 e5 19. Bf5 Bd6 20. Qc2 e4
21. Ne1 Ne7 22. Bh3 Kc7 23. Qc1 Rb8 24. Nc2 Rb3 25. f3 f5 26. Rf1 Rf8 27. Nb4
Qb6 28. Bg5 Nf6 29. fxe4 dxe4 30. Bxf6 Rxf6 31. Qg5 Bxb4 32. axb4 Rxc3 33. Qg7
Rc2+ 34. Ke3 Qxb4 35. Qxe7+ Qxe7 36. Rxa7+ Kd6 37. Rxe7 Kxe7 38. Ra1 c3 39.
Ra7+ Kd8 40. Ra3 Rc1 0-1

[Event "16ème Open des Vins du Médoc"]
[Site "Naujac sur Mer ; France"]
[Date "2013.07.03"]
[Round "5.2"]
[White "Milchev, Nikolay"]
[Black "Van Delft, Merijn"]
[Result "1/2-1/2"]
[WhiteElo "2433"]
[BlackElo "2411"]
[PlyCount "23"]
[EventDate "2012.??.??"]

1. Nf3 d5 2. c4 c6 3. d4 Nf6 4. Qb3 e6 5. Nc3 Nbd7 6. Bg5 Be7 7. e3 O-O 8. Be2
dxc4 9. Bxc4 Nd5 10. Bxe7 Qxe7 11. O-O N5b6 12. Be2 1/2-1/2

[Event "16ème Open des Vins du Médoc"]
[Site "Naujac sur Mer ; France"]
[Date "2013.07.03"]
[Round "5.4"]
[White "Saenz Narciso, Miguel Angel"]
[Black "Zaragatski, Ilja"]
[Result "0-1"]
[WhiteElo "2196"]
[BlackElo "2486"]
[PlyCount "58"]
[EventDate "2012.??.??"]

1. e4 g6 2. d4 Bg7 3. Nc3 c5 4. Nf3 Qa5 5. Be2 Nc6 6. dxc5 Bxc3+ 7. bxc3 Nf6 8.
Bd3 Qxc3+ 9. Bd2 Qxc5 10. Be3 Qa5+ 11. Bd2 Qc7 12. Bc3 d6 13. Qd2 e5 14. O-O
O-O 15. h3 Kg7 16. Rfe1 Ng8 17. Nh2 Be6 18. f4 f6 19. f5 Bf7 20. Ng4 Rac8 21.
Ne3 Nge7 22. fxg6 hxg6 23. Rf1 Be6 24. Qf2 Nd4 25. Bd2 f5 26. exf5 Ndxf5 27.
Nxf5+ Nxf5 28. Qxa7 Nd4 29. Be3 Ra8 0-1

[Event "16ème Open des Vins du Médoc"]
[Site "Naujac sur Mer ; France"]
[Date "2013.07.03"]
[Round "5.5"]
[White "Kramer, Julian"]
[Black "Wohl, Aleksandar H"]
[Result "0-1"]
[WhiteElo "2133"]
[BlackElo "2369"]
[PlyCount "88"]
[EventDate "2012.??.??"]

1. e4 g6 2. d4 Bg7 3. Nc3 d6 4. Be3 a6 5. Qd2 Nd7 6. h4 h5 7. f3 b5 8. O-O-O
Nb6 9. a3 Nf6 10. Kb1 c6 11. Nh3 Bxh3 12. gxh3 Nfd7 13. f4 a5 14. e5 b4 15. Ne4
d5 16. Nc5 bxa3 17. b3 Nxc5 18. dxc5 Nd7 19. e6 fxe6 20. Bd4 Bxd4 21. Qxd4 Rf8
22. Bd3 Rf6 23. Rhg1 Nf8 24. Ka2 Qb8 25. Rde1 Rxf4 26. Qg7 a4 27. Bxg6+ Kd7 28.
Rb1 Rb4 29. Bxh5 axb3+ 30. cxb3 Rxh4 31. Bg4 Qh2+ 32. Ka1 Qd2 33. Rg2 Qf4 34.
Ka2 Qf6 35. Qxf6 exf6 36. Re1 Rh7 37. Re3 f5 38. Bd1 Ke7 39. b4 Kf6 40. Rb3 Nd7
41. b5 Nxc5 42. Rc3 Ne4 43. Rxc6 Rxh3 44. Ra6 Nc3+ 0-1

[Event "16ème Open des Vins du Médoc"]
[Site "Naujac sur Mer ; France"]
[Date "2013.07.03"]
[Round "5.6"]
[White "Helie, Marc"]
[Black "Colpe, Malte"]
[Result "0-1"]
[WhiteElo "2074"]
[BlackElo "2305"]
[PlyCount "44"]
[EventDate "2012.??.??"]

1. e4 c5 2. Nf3 d6 3. d4 cxd4 4. Nxd4 Nf6 5. Nc3 a6 6. f4 Qc7 7. Bd3 g6 8. h3
Bg7 9. Be3 b5 10. Qf3 Bb7 11. g4 b4 12. Nd5 Nxd5 13. exd5 Nd7 14. O-O Nf6 15.
Be4 e6 16. f5 Nxe4 17. fxg6 hxg6 18. Nxe6 fxe6 19. Qxe4 O-O-O 20. Qxg6 Rd7 21.
dxe6 Re7 22. Kh2 Qc6 0-1

[Event "16ème Open des Vins du Médoc"]
[Site "Naujac sur Mer ; France"]
[Date "2013.07.03"]
[Round "5.7"]
[White "Bonn, Thomas"]
[Black "Deslias, Gregoire"]
[Result "1/2-1/2"]
[WhiteElo "2277"]
[BlackElo "2132"]
[PlyCount "35"]
[EventDate "2012.??.??"]

1. Nf3 Nf6 2. d4 d5 3. c4 e6 4. e3 Be7 5. b3 O-O 6. Bb2 b6 7. Nbd2 Bb7 8. Bd3
Nbd7 9. O-O c5 10. cxd5 Nxd5 11. Nc4 cxd4 12. exd4 N7f6 13. Nce5 Rc8 14. Rc1
Nb4 15. Bc4 Nbd5 16. Qe1 Bb4 17. Qd1 Bd6 18. h4 1/2-1/2

[Event "16ème Open des Vins du Médoc"]
[Site "Naujac sur Mer ; France"]
[Date "2013.07.03"]
[Round "5.8"]
[White "Zierke, Oliver"]
[Black "Zickelbein, Eva Maria"]
[Result "1/2-1/2"]
[WhiteElo "2263"]
[BlackElo "2087"]
[PlyCount "121"]
[EventDate "2012.??.??"]

1. d4 Nf6 2. Nf3 e6 3. c4 Bb4+ 4. Bd2 Qe7 5. Nc3 d5 6. e3 Bxc3 7. Bxc3 Ne4 8.
Rc1 Nxc3 9. Rxc3 c6 10. Qc2 Nd7 11. Bd3 dxc4 12. Rxc4 h6 13. O-O O-O 14. Kh1
Re8 15. Rd1 Qf6 16. Qb3 b5 17. Rc2 e5 18. Be4 Bb7 19. dxe5 Nxe5 20. Nxe5 Rxe5
21. Bf3 Rd8 22. Rcd2 Ree8 23. Rd7 Rxd7 24. Rxd7 Bc8 25. Rxa7 Rd8 26. Ra8 Kh7
27. h3 Be6 28. Qc2+ Bf5 29. Qxc6 Rd1+ 30. Kh2 Qe5+ 31. g3 Rd2 32. Bg2 Rxf2 33.
Re8 Qxb2 34. Qa8 Qxa2 35. Qxa2 Rxa2 36. Re5 Bd3 37. Kg1 b4 38. Bd5 Ra1+ 39. Kf2
Rf1+ 40. Kg2 Rf5 41. Rxf5 Bxf5 42. Kf2 Bc2 43. Ke2 Kg6 44. Kd2 b3 45. g4 f6 46.
h4 f5 47. gxf5+ Kxf5 48. h5 g5 49. hxg6 Kxg6 50. Be6 h5 51. Kc3 Kg5 52. Bd7 Kf6
53. Bh3 Ke5 54. Bf1 h4 55. Bg2 Bd1 56. Bf1 Bf3 57. Kxb3 Ke4 58. Bh3 Kxe3 59.
Kc3 Kf2 60. Kd4 Be2 61. Bc8 1/2-1/2

[Event "16ème Open des Vins du Médoc"]
[Site "Naujac sur Mer ; France"]
[Date "2013.07.03"]
[Round "5.9"]
[White "Godard, Maxence"]
[Black "Kohler, Paul"]
[Result "1-0"]
[WhiteElo "2348"]
[BlackElo "1930"]
[PlyCount "73"]
[EventDate "2012.??.??"]

1. d4 Nf6 2. Nf3 e6 3. c4 c5 4. e3 d5 5. Nc3 cxd4 6. exd4 Be7 7. cxd5 exd5 8.
Bb5+ Bd7 9. Qb3 O-O 10. O-O Bg4 11. Ne5 Be6 12. Bd3 Nc6 13. Qxb7 Na5 14. Qb4
Qc7 15. Qa4 a6 16. f4 Qb6 17. f5 Nc4 18. Bxc4 Qxd4+ 19. Kh1 Qxe5 20. fxe6 dxc4
21. exf7+ Kh8 22. Qxc4 Rac8 23. Qxa6 Rc5 24. Bf4 Qh5 25. Qe6 Rxf7 26. Bg3 h6
27. Rf3 Rg5 28. Ne4 Nxe4 29. Qxe4 Rxf3 30. Qxf3 Qg6 31. Rf1 Bf6 32. Bh4 Ra5 33.
Bxf6 Qxf6 34. Qxf6 gxf6 35. a3 Rb5 36. b4 Re5 37. Rb1 1-0

[Event "16ème Open des Vins du Médoc"]
[Site "Naujac sur Mer ; France"]
[Date "2013.07.03"]
[Round "5.10"]
[White "Favarel, Antoine"]
[Black "Martinet, Regis"]
[Result "1-0"]
[WhiteElo "2347"]
[BlackElo "2028"]
[PlyCount "55"]
[EventDate "2012.??.??"]

1. c4 e6 2. g3 d5 3. Bg2 c6 4. Nf3 f5 5. d4 Nf6 6. O-O Bd6 7. Nc3 Nbd7 8. Qc2
O-O 9. cxd5 cxd5 10. Nb5 Bb8 11. Bf4 Bxf4 12. gxf4 Ne4 13. Nc7 Nb6 14. Nxa8
Nxa8 15. Rac1 h6 16. Ne5 Kh7 17. f3 Nf6 18. Kh1 Nh5 19. e3 Qh4 20. Qf2 Qe7 21.
Rg1 g5 22. fxg5 hxg5 23. Bf1 Rg8 24. Bd3 Kh6 25. h4 f4 26. Rxg5 Ng3+ 27. Qxg3
fxg3 28. Ng4# 1-0

[Event "16ème Open des Vins du Médoc"]
[Site "Naujac sur Mer ; France"]
[Date "2013.07.03"]
[Round "5.11"]
[White "Collas, Silvia"]
[Black "L'Hospital, Philippe"]
[Result "1-0"]
[WhiteElo "2274"]
[BlackElo "1922"]
[PlyCount "37"]
[EventDate "2012.??.??"]

1. d4 d6 2. e4 Nf6 3. Nc3 Nbd7 4. Nf3 e5 5. Bc4 Be7 6. O-O O-O 7. a4 a5 8. Re1
c6 9. Ba2 Qb6 10. h3 h6 11. Be3 Qc7 12. Nh4 exd4 13. Bxd4 Nc5 14. Ng6 Re8 15.
e5 dxe5 16. Bxe5 Qd7 17. Nxe7+ Rxe7 18. Bxf6 gxf6 19. Qh5 1-0

[Event "16ème Open des Vins du Médoc"]
[Site "Naujac sur Mer ; France"]
[Date "2013.07.03"]
[Round "5.12"]
[White "Purenne, Benoit"]
[Black "Roussel, Glenn"]
[Result "1-0"]
[WhiteElo "2223"]
[BlackElo "1911"]
[PlyCount "135"]
[EventDate "2012.??.??"]

1. Nf3 Nf6 2. c4 g6 3. g3 b6 4. Bg2 Bb7 5. O-O Bg7 6. Nc3 O-O 7. Qc2 c5 8. e4
Nc6 9. d3 d6 10. h3 e5 11. Bg5 Qd7 12. Qd2 Ne8 13. Nh4 Nc7 14. Bh6 Nd4 15. Bxg7
Kxg7 16. f4 f5 17. fxe5 dxe5 18. Rae1 Rae8 19. Kh2 a6 20. b3 Bc6 21. exf5 Bxg2
22. Kxg2 Nxf5 23. Nxf5+ Rxf5 24. Rxf5 Qxf5 25. Rf1 Qd7 26. Ne4 Ne6 27. h4 Rd8
28. Rf6 Rf8 29. Rxf8 Nxf8 30. Qg5 Qe6 31. h5 h6 32. Qh4 gxh5 33. Qxh5 Ng6 34.
Qh3 Qe7 35. Qf5 Qf8 36. Qxf8+ Nxf8 37. Kf3 Kf7 38. Nc3 Nd7 39. Nd5 b5 40. a4
bxa4 41. bxa4 a5 42. Kg4 Kg6 43. Kh4 Nb8 44. Nc3 Nd7 45. Ne4 h5 46. Kh3 Kf5 47.
Nd6+ Kg5 48. Nb7 Kf5 49. Kh4 Kg6 50. Nxa5 Nb6 51. Nc6 Nxa4 52. Nxe5+ Kf5 53.
Nd7 Kg6 54. Kh3 Kg5 55. Kg2 Kf5 56. Kf3 Ke6 57. Nb8 Ke5 58. Nc6+ Kd6 59. Na5
Nb6 60. Kf4 Nd7 61. Kf5 Ke7 62. Nb7 Kf7 63. Nd6+ Ke7 64. Ne4 Kf7 65. Ng5+ Ke7
66. Ne6 Kf7 67. Nf4 Nf6 68. Ke5 1-0

[Event "16ème Open des Vins du Médoc"]
[Site "Naujac sur Mer ; France"]
[Date "2013.07.04"]
[Round "6.1"]
[White "Velten, Paul"]
[Black "Milchev, Nikolay"]
[Result "1-0"]
[WhiteElo "2422"]
[BlackElo "2433"]
[PlyCount "83"]
[EventDate "2012.??.??"]

1. Nf3 Nf6 2. g3 g6 3. Bg2 Bg7 4. O-O O-O 5. c4 d6 6. Nc3 Nc6 7. d4 a6 8. b3
Rb8 9. Bb2 Re8 10. d5 Na5 11. Nd2 c5 12. a4 e6 13. Ra2 exd5 14. cxd5 Bf5 15. h3
b5 16. axb5 axb5 17. Qa1 b4 18. Rxa5 bxc3 19. Bxc3 Rxe2 20. Ra7 Ne8 21. Bxg7
Nxg7 22. Nc4 Bd3 23. Na5 Qg5 24. Qc3 Bb5 25. b4 Qf5 26. g4 Rc2 27. Qb3 Qd3 28.
Qxd3 Bxd3 29. Rd1 Be2 30. Rb1 Ra2 31. Rb7 Ra8 32. Nc6 c4 33. Rc1 Rb2 34. b5 c3
35. b6 c2 36. Be4 Bd1 37. Nd4 Rc8 38. Bxc2 Bxc2 39. Rxc2 Rcxc2 40. Rb8+ Ne8 41.
Rxe8+ Kg7 42. Nxc2 1-0

[Event "16ème Open des Vins du Médoc"]
[Site "Naujac sur Mer ; France"]
[Date "2013.07.04"]
[Round "6.2"]
[White "Zaragatski, Ilja"]
[Black "Collas, Didier"]
[Result "1/2-1/2"]
[WhiteElo "2486"]
[BlackElo "2394"]
[PlyCount "38"]
[EventDate "2012.??.??"]

1. Nf3 f5 2. g3 Nf6 3. Bg2 g6 4. b4 Bg7 5. Bb2 O-O 6. c4 d6 7. d4 Ne4 8. Nbd2
c6 9. O-O d5 10. a4 Kh8 11. Qc2 Be6 12. c5 Nd7 13. Ne1 g5 14. Nd3 Qe8 15. f3
Nxd2 16. Qxd2 f4 17. e4 fxe3 18. Qxe3 Bf5 19. Rfe1 a5 1/2-1/2

[Event "16ème Open des Vins du Médoc"]
[Site "Naujac sur Mer ; France"]
[Date "2013.07.04"]
[Round "6.3"]
[White "Colpe, Malte"]
[Black "Van Delft, Merijn"]
[Result "1/2-1/2"]
[WhiteElo "2305"]
[BlackElo "2411"]
[PlyCount "67"]
[EventDate "2012.??.??"]

1. d4 d5 2. c4 c6 3. Nf3 Nf6 4. Nc3 e6 5. Bg5 h6 6. Bh4 dxc4 7. e4 g5 8. Bg3 b5
9. Be2 Bb7 10. e5 Nd5 11. O-O Nd7 12. a4 Qb6 13. Nxd5 cxd5 14. axb5 Qxb5 15.
Ne1 Nb6 16. f4 Qxb2 17. Bh5 Rh7 18. Nc2 gxf4 19. Rxf4 Be7 20. Bxf7+ Rxf7 21.
Qh5 Qxc2 22. Qxf7+ Kd7 23. Bh4 Nc8 24. Bxe7 Nxe7 25. Rf6 Rg8 26. Qxe6+ Kd8 27.
Qd6+ Ke8 28. Rf2 Qc3 29. Rb1 Qxd4 30. Rxb7 Rxg2+ 31. Kxg2 Qg4+ 32. Kf1 Qd1+ 33.
Kg2 Qg4+ 34. Kf1 1/2-1/2

[Event "16ème Open des Vins du Médoc"]
[Site "Naujac sur Mer ; France"]
[Date "2013.07.04"]
[Round "6.4"]
[White "Wohl, Aleksandar H"]
[Black "Bonn, Thomas"]
[Result "1-0"]
[WhiteElo "2369"]
[BlackElo "2277"]
[PlyCount "79"]
[EventDate "2012.??.??"]

1. c4 f5 2. Nc3 Nf6 3. g3 e6 4. Bg2 d5 5. Nf3 c6 6. O-O Bd6 7. d3 O-O 8. e4
dxe4 9. dxe4 e5 10. exf5 Na6 11. Nh4 Qc7 12. Bg5 Bd7 13. Bxf6 gxf6 14. Ne4 Be7
15. Qg4+ Kh8 16. Rfd1 Be8 17. Qh3 Kg7 18. f4 Nc5 19. Nxc5 Bxc5+ 20. Kh1 Bd4 21.
fxe5 Bxe5 22. Re1 Rf7 23. Re4 Kg8 24. Rae1 c5 25. Nf3 Bc6 26. Rg4+ Kh8 27. Nh4
Bxg2+ 28. Kxg2 Rg7 29. Ng6+ Kg8 30. Nxe5 fxe5 31. Rxg7+ Qxg7 32. Qh4 Rb8 33.
Qe4 Rd8 34. b3 b6 35. h4 h5 36. Qf3 Rd4 37. Qxh5 e4 38. Qe8+ Kh7 39. Rxe4 Rd1
40. Qh5+ 1-0

[Event "16ème Open des Vins du Médoc"]
[Site "Naujac sur Mer ; France"]
[Date "2013.07.04"]
[Round "6.5"]
[White "Purenne, Benoit"]
[Black "Das, Arghyadip"]
[Result "1-0"]
[WhiteElo "2223"]
[BlackElo "2493"]
[PlyCount "49"]
[EventDate "2012.??.??"]

1. d4 e6 2. Nf3 b6 3. g3 Bb7 4. Bg2 c5 5. Bf4 Nf6 6. c4 cxd4 7. Qxd4 Bc5 8. Qd1
O-O 9. O-O d5 10. Nc3 dxc4 11. Qa4 Nbd7 12. Qxc4 Qe7 13. e4 Rac8 14. Qe2 Bb4
15. Rfd1 e5 16. Bg5 Bxc3 17. bxc3 Qe6 18. Nh4 h6 19. Bxh6 Bxe4 20. Bxe4 Nxe4
21. Bxg7 Kxg7 22. Qxe4 f5 23. Qb7 Rcd8 24. Qc7 Qe7 25. Rd6 1-0

[Event "16ème Open des Vins du Médoc"]
[Site "Naujac sur Mer ; France"]
[Date "2013.07.04"]
[Round "6.6"]
[White "Mladenov, Plamen"]
[Black "Collas, Silvia"]
[Result "1/2-1/2"]
[WhiteElo "2405"]
[BlackElo "2274"]
[PlyCount "25"]
[EventDate "2012.??.??"]

1. d4 Nf6 2. Nf3 e6 3. c3 b6 4. Bg5 Bb7 5. e3 Be7 6. Nbd2 c5 7. Bd3 cxd4 8.
exd4 Nd5 9. Bxe7 Qxe7 10. Be4 f5 11. Bxd5 Bxd5 12. Qe2 Bb7 13. a4 1/2-1/2